000
00356nam a2200133Ia 4500
008
231129s9999||||xx |||||||||||||| ||spa||
020
_a
84-8280-806-0
040
_b
spa
082
_a
M863 R935ll
100
_a
Rulfo Juan
245
0
_a
Pedro Paramo; El llano en llamas
264
_a
La Oveja Negra
942
_2
ddc
_c
BKS
999
_c
22544
_d
22544